000 00361 a2200169 4500
001 191527
020 _a978-85-16-07551-4
040 _cMagnum
100 _aRocha, Ruth
240 1 0 _aOs gatos de botinhas
_lpor
245 1 0 _aOs gatos de botinhas
300 _a31
362 0 _a2012
440 1 _aSalamandra
697 _aLITERATURA INFANTO
942 _cBK
999 _c191527
_d191527